00437nam a2200157Ia 4500008004100000082002100041100001400062245002800076260004100104300002200145365000800167520002400175630002800199650002400227730002800251100920s9999 xx 000 0 und d b103427a4 न 07 aDE ASHOK. aPHOTOGRAPHY SAHAJ PATH. bINDIAN PICTONIAL PUB,CULCATTA.c2007 a761bसाधी b290 aई. एल.डी. aPHOTOGRAPHY SAHAJ PATH. aई. एल.डी. aPHOTOGRAPHY SAHAJ PATH.